One soul in bodies twain ; friendship in Tudor literature and Stuart drama /

Bibliographic Details
Main Author: Mills, Laurens Joseph
Format: Book
Language:English
Published: Bloomington, Ind. : The Principia Press, inc., 1937.
Subjects:

MARC

Tag First Indicator Second Indicator Subfields
LEADER 00000cam a2200000 4500
001 in00000036602
005 20151007062140.0
008 770622s1937 inuc b 00010 eng
010 |a  37003052  
035 |a (OCoLC)03061620 
035 |9 AAD4074AM 
040 |a DLC  |c SUC  |d SUC  |d TXA  |d UtOrBLW 
049 |a TXAM  |c [342307] 
050 0 0 |a PR429.F7  |b M5 
082 0 |a 820.9 
092 |a 820.9  |b M657o 
100 1 |a Mills, Laurens Joseph. 
245 1 0 |a One soul in bodies twain ;  |b friendship in Tudor literature and Stuart drama /  |c by Laurens J. Mills. 
264 1 |a Bloomington, Ind. :  |b The Principia Press, inc.,  |c 1937. 
300 |a vii pages, 1 ., 470 pages :  |b frontispiece (portrait) ;  |c 23 cm. 
336 |a text  |b txt  |2 rdacontent 
337 |a unmediated  |b n  |2 rdamedia 
338 |a volume  |b nc  |2 rdacarrier 
504 |a Bibliographical references in "Notes" (pages [379]-458). 
650 0 |a Friendship. 
650 0 |a English drama  |y Early modern and Elizabethan, 1500-1600  |x History and criticism. 
650 0 |a English literature  |y Early modern, 1500-1700  |x History and criticism. 
999 |a MARS 
999 f f |s 457e8849-7279-3a20-ace7-0df5627f0fff  |i 2dd03bec-25b9-3090-9cf9-2c410e604036  |t 0 
952 f f |p normal  |a Texas A&M University  |b College Station  |c Sterling C. Evans Library  |d Evans: Library Stacks  |t 0  |e PR429.F7 M5  |h Library of Congress classification  |i unmediated -- volume  |m A14801272576 
998 f f |a PR429.F7 M5  |t 0  |l Evans: Library Stacks